Gita Pravachanamulo (Record no. 18544)

MARC details
000 -LEADER
fixed length control field 00540nam a2200229 a 4500
020 ## - INTERNATIONAL STANDARD BOOK NUMBER
ISBN
082 00 - DEWEY DECIMAL CLASSIFICATION NUMBER
Classification number 294.5924
Author Cutter VIN2
100 ## - MAIN ENTRY--AUTHOR NAME
Author name Vinoba, Bhave
245 ## - TITLE STATEMENT
Title Gita Pravachanamulo
260 ## - PUBLICATION, DISTRIBUTION, ETC. (IMPRINT)
Place of publication Hyderabad
Name of publisher Gandhi Darsan
Year of publication 1989
300 ## - PHYSICAL DESCRIPTION
Number of Pages 356p
500 ## - GENERAL NOTE
General note includes index and biblioraphy
650 ## - SUBJECT ADDED ENTRY--TOPICAL TERM
Topical Term Bhagavad Gita
942 ## - ADDED ENTRY ELEMENTS (KOHA)
Koha item type Books
700 1# -
-- Vinoba, Bhave
Holdings
Collection code Home library Current library Date acquired Cost, normal purchase price Full call number Accession Number Koha item type
  Henry Martyn Institute Library Henry Martyn Institute Library 07/26/2007 15.00 294.5924 VIN2 11000525 Books
                   Copyright © 2026 | Henry Martyn Institute | Hyderabad | TS-500052 | INDIA | Implemented by hmi.edu.in
Hit-Count:

Powered by Koha